Score 0/33 Timer 05:00
0 Plays Today
% Correct
Tear
94.2%
Caemlyn
91.1%
Illian
87.2%
Cairhien
86.5%
Tar Valon
84.2%
Baerlon
72.2%
Ebou Dar
70.7%
Falme
70.5%
Far Madding
70.3%
Fal Dara
69.8%
Tanchico
67.3%
Mayene
67.2%
Emond's Field
63.3%
Whitebridge
63.1%
Four Kings
54.7%
Fal Moran
54.4%
Rhuidean
53.8%
% Correct
Amador
53.1%
Lugard
51.2%
Bandar Eban
46.6%
Salidar
40.4%
Shadar Logoth
39.9%
Maradon
39.7%
Taren Ferry
39.3%
Chachin
36.9%
Jehannah
32.5%
Watch Hill
32.1%
Shol Arbela
30.4%
Deven Ride
27.5%
Aringill
25.8%
Shayol Ghul
17.4%
Katar
17.1%
Elmora
10.4%

You're not logged in!

Compare scores with friends on all Sporcle quizzes.
OR
Log In

Sporcle TV

Today on Sporcle TV


Watch our educational content, quiz creation guides, and fun videos on Sporcle TV.

Show Comments

Extras

Created Sep 30, 2009ReportNominate
Tags:City Quiz, wheel, Wheel of Time

Top Quizzes Today


Score Distribution

Paid Content

Your Account Isn't Verified!

In order to create a playlist on Sporcle, you need to verify the email address you used during registration. Go to your Sporcle Settings to finish the process.

Report this User

Report this user for behavior that violates our Community Guidelines.

Details: